000 00390nam a22001337a 4500
999 _c527170
_d527170
008 240808b ||||| |||| 00| 0 eng d
100 _aGupta, Krishna Kumar
_956434
245 _aUniversal banking for rural financial cooperative in India
260 _aThe Cooperative
300 _a62(1), Jul, 2024: p.16-22
773 _aThe Cooperative
906 _aCO-OPERATVES
942 _cAR